| 000 | 00353nam a2200145Ia 4500 | ||
|---|---|---|---|
| 008 | 230711s9999||||xx |||||||||||||| ||und|| | ||
| 041 | _aENG | ||
| 082 |
_a720 _bNA-S |
||
| 100 | _aNarayan,R.K | ||
| 245 | 0 | _aSalt & sawdust: stories and table talk | |
| 250 | _a1st Ed. | ||
| 260 |
_c1993 _aNew Delhi _bPenguin Books |
||
| 650 | _aLiterature | ||
| 942 | _cBK | ||
| 999 |
_c3230 _d3230 |
||